000 01056nam a22002657a 4500
003 BD-DhSAU
005 20251111163246.0
008 210929b |||||||| |||| 00| 0 eng d
040 _aBD-DhSAU
082 _222
_a636.085
_bR124
100 _aISLAM, MD. RAFIQUL
_eRegistration No.:# 16-07191
245 _aEffect of black soldier fly larvae (bsfl) meal as partial replacement to soybean meal with different doses of phytase enzyme on growth performance and carcass traits of broiler chicken /
_bMs Thesis
260 _aSher-e-Bangla Agricultural University Dhaka 1207;
_bDepartment of Animal Nutrition Genetics and Breeding;
_c2024;
300 _aixv, 65p.;
_c30cm.;
500 _aIncluding Index.;
590 _anazmul
650 _ablack soldier fly larvae (bsfl) meal
651 _asoybean meal
654 _aphytase enzyme
655 _acarcass traits of broiler chicken
700 _aProf. Dr. Md. Mufazzal Hossain
_eSupervisor
710 _aProf. Md. Mahfuj Ullah Patoary
_eCo-Supervisor
856 _yNo
942 _2ddc
_cTHESIS
999 _c18132
_d18131